Vista normal
Vista MARC
Entrada Materia (reunión)
Número de registros utilizados en: 1
001 - CONTROL NUMBER
- control field: 60078
003 - CONTROL NUMBER IDENTIFIER
- control field: Co-BoUCM
005 - DATE AND TIME OF LATEST TRANSACTION
- control field: 20140422141626.0
008 - FIXED-LENGTH DATA ELEMENTS
- fixed length control field: 140422|| aca||aabn | a|a d
040 ## - CATALOGING SOURCE
- Original cataloging agency: Co-BoUCM
- Transcribing agency: Co-BoUCM
111 ## - HEADING--MEETING NAME
- Meeting name or jurisdiction name as entry element: El derecho de las minorías étnicas a la consulta previa. Retos y perspectivas
- Location of meeting: Archivo General de la Nación, Bogotá
- Date of meeting: 5 y 6 de Diciembre de 2012
670 ## - SOURCE DATA FOUND
- Source citation: Work cat.: (Co-BoUCM)240929: El derecho de las minorías étnicas a la consulta previa. Retos y perspectivas Archivo General de la Nación, Bogotá 5 y 6 de Diciembre de 2012, El derecho de las minorías étnicas a la consulta previa, 2013